Statistiken für Welche Stadt in Europa?

Klicken Sie hier um das Quiz zu spielen!

Allgemein

  • Dieses Quiz wurde 4,380 mal gespielt
  • Das Durchschnittsergebnis liegt bei 24 aus 38

Antwortstatistiken

Beschreibung Stadt % Korrekt
Bis 1989 durch eine Mauer geteiltBBerlin
99%
De facto die Hauptstadt der SchweizBBern
97%
Herkunft des OktoberfestMMünchen
96%
Hauptstadt KataloniensBBarcelona
95%
Hauptsitz der Europäischen UnionBBrüssel
93%
Überqueren Sie die Seine auf einem Bateau-mouchePParis
93%
Hauptstadt der Tschechischen RepublikPPrag
93%
Berühmte für seine GondelnVVenedig
89%
Wo die Elbe in die Nordsee fließtHHamburg
88%
Ort des "Amphitheatrum Flavium"RRom
87%
Geburtsort W.A. MozartsSSalzburg
85%
Früher als Konstantinopel bekanntIIstanbul
84%
Der Geburtsort der DemokratieAAthen
83%
Kleiner Stadtstaat an der Côte d'AzurMMonaco
83%
Puerta del Sol, Museo del PradoMMadrid
78%
Größte französischsprachige Stadt in der SchweizGGenf
76%
Größte Stadt in den baltischen StaatenRRiga
75%
Wo Machiavelli beerdigt istFFlorenz
65%
Heimat des Opernhauses "La Scala"MMailand
63%
Hauptsächlich auf Amager und Seeland erbautKKopenhagen
60%
Ban-Jelačić-PlatzZZagreb
58%
Französische Stadt, die England am nächsten liegtCCalais
58%
Antiker Rivale von ^, heute nur noch
30'000 Einwohner
SSparta
54%
Ort des Fußball-Derbys "Old Firm"GGlasgow
49%
Russische Oblast und ExklaveKKaliningrad
47%
Wo Sie mit Stieren rennen könnenPPamplona
45%
Kroatische Stadt am Meer, DiokletianspalastSSplit
44%
Wo Sie das Denkmal der Entdeckungen findenLLissabon
42%
Gastgeber der Olympischen Spiele 2014SSotschi
42%
Ort auf der Krim und Konferenz des 2. WeltkriegsJJalta
40%
Wo die RMS Titanic gebaut wurdeBBelfast
38%
Trug die Olympischen Winterspiele 1984 ausSSarajevo
37%
Am Zusammenfluss der Save und der DonauBBelgrad
36%
Und die Stadt, in der sie ihre Jungfernfahrt begannSSouthampton
32%
Fluss NevaSSt. Petersburg
30%
Die Mayflower begann ihre Reise in die
Neue Welt hier
PPlymouth
30%
Nördlichste Großstadt EuropasMMurmansk
18%
Größte Stadt auf GotlandVVisby
13%

Verteilung der Resultate

Perzentil nach korrekt beantworteten Fragen

Anzahl Personen mit jedem Resultat

Ihre Resultats-Entwicklung

Sie haben dieses Quiz noch nicht gespielt